1228 1398 1013 1603 1107 1681 1368 1809 1374 1968 1254 1742 1958 1375 1378 1430 1003 1469 1426 1429 1214 1542 1022 1044 1668 1052 1656 1252 1192 1360 1176 1176 1618 1196 1718 1578 1736 1515 1471 1154 1572 1061 1000 1841 1941 1763 1991 1297 1586 1654 1118 1236 1351 1612 1311 1961 1972 1110 1335 1164 1152 1393 1867 1752 1184 1756 1637 1156 1743 1810 1534 1937 1791 1478 1998 1402 1570 1292 1486 1889 1450 1974 1636 1074 1899 1433 1653 1938 1415 1570 1058 1561 1768 1064 1897 1925 1597 1433 1027 BCNSPRNW ULIB Ver.6.0+V

เปลี่ยนเป็นภาษาไทย

Change to English
 แสดงรายละเอียดบรรณานุกรม
  กลับหน้าหลัก

Brief Record : Get Marc (ISO 2709) : E-mail record : QR code < ปิดหน้าต่าง
LEADER : 00000nam 2200000uu 4500
001    13399127793
003     ULIB
008    210916s2563||||th 000 0 tha d
020 0  ^a9789740339380
060 ^a ^aWF26^bข171ก
100 ^a ^aขวัญฤทัย พันธุ
245 ^a ^aการดูแลผู้ป่วยที่ใช้เครื่องช่วยหายใจ /^cโดยขวัญฤทัย พันธุ
250    ^aพิมพ์ครั้งที่ 3
260 ^a ^aกรุงเทพฯ :^สำนักพิมพ์จุฬาลงกรณ์มหาวิทยาลัย,^c2563
300    ^a178 หน้า :^bภาพประกอบ, ตาราง
504    ^aมีบรรณานุกรมและดัชนีประกอบ
650  2 ^aAirway Extubation
650  2 ^aIntubation, Intratracheal
650  2 ^aOxygen Inhalation Therapy
650  2 ^aVentilators, Mechani
650  0 ^aเครื่องช่วยหายใจ
650  0 ^aทางเดินหายใจ
945    ^p210^l0^i28914
945    ^p210^l0^i28915
945    ^p210^l0^i28916
945    ^p210^l0^i28917
945    ^p210^l0^i28918
999    ^aกัณชพร จุลอักษร
รายการนี้ยังไม่มีแท็ก
คุณยังไม่ได้ล็อกอิน คุณสามารถมีกิจกรรมร่วมกับเว็บไซต์ได้ แต่ต้องล็อกอินก่อน ::
  ล็อกอิน

รายการสื่อสารสนเทศ

ลำดับที่ ประเภท เลขเรียก/บาร์โค้ด สถานที่ สถานะ
1. หนังสือสำรอง
หนังสือสำรอง
WF26 ข171ก ฉ.1 
  Barcode: 28914
ห้องสมุดวิทยาเขตนครสวรรค์
►หนังสือทั่วไป:l:General Books
บนชั้น
2. วิทยาศาสตร์การแพทย์ และสุขภาพ
วิทยาศาสตร์การแพทย์ และสุขภาพ
WF26 ข171ก ฉ.2 
  Barcode: 28915
ห้องสมุดวิทยาเขตนครสวรรค์
►หนังสือทั่วไป:l:General Books
บนชั้น
3. วิทยาศาสตร์การแพทย์ และสุขภาพ
วิทยาศาสตร์การแพทย์ และสุขภาพ
WF26 ข171ก ฉ.3 
  Barcode: 28916
ห้องสมุดวิทยาเขตนครสวรรค์
►หนังสือทั่วไป:l:General Books
บนชั้น
4. วิทยาศาสตร์การแพทย์ และสุขภาพ
วิทยาศาสตร์การแพทย์ และสุขภาพ
WF26 ข171ก ฉ.4 
  Barcode: 28917
ห้องสมุดวิทยาเขตนครสวรรค์
►หนังสือทั่วไป:l:General Books
บนชั้น
5. วิทยาศาสตร์การแพทย์ และสุขภาพ
วิทยาศาสตร์การแพทย์ และสุขภาพ
WF26 ข171ก ฉ.5 
  Barcode: 28918
ห้องสมุดวิทยาเขตนครสวรรค์
►หนังสือทั่วไป:l:General Books
บนชั้น

รายการใกล้เคียง
    ผู้แต่ง [ขวัญฤทัย พันธุ]

    หัวเรื่อง [Airway Extubation]
    หัวเรื่อง [Intubation, Intratracheal]
    หัวเรื่อง [Oxygen Inhalation Therapy]
    หัวเรื่อง [Ventilators, Mechani]
    หัวเรื่อง [เครื่องช่วยหายใจ]
    หัวเรื่อง [ทางเดินหายใจ]

BibComment


ยังไม่เคยถูกคอมเมนท์

คอมเมนท์ทรัพยากรรายการนี้
  คอมเมนท์: การดูแลผู้ป่วยที..


 Copyright 2026. Bcnsprnw @Library